000 01042cam a2200313 i 4500
001 76081
003 BD-RjUL
005 20211209082803.0
008 190423r20172015nyua b 001 0 eng
020 _a0070427208 (hardback)
035 _a(BD-RjUL)76301
040 _aDLC
_beng
_cDLC
_erda
_dDLC
_dBD-RjUL
041 _aeng
042 _apcc
082 0 0 _a658.5
_223
_bMOO 1982
100 1 _aMonks, Joseph G.
_9231040
245 1 0 _aOperations management : theory and problems /
_cJoseph G. Monks
250 _aSecond edition.
260 _aNewYork :
_bMcGraw-hill book,
_cc1982
264 1 _aNew York ;
_aChennai :
_bMcGraw-Hill Education,
_cc2015 [Reprinted 2017]
300 _axv, 725 p. :
_billustrations ;
_c24 cm
490 0 _aThe McGraw-Hill Series in management ;
504 _aIncludes bibliographical references and index.
650 0 _aProduction management.
_9231041
650 7 _aBUSINESS & ECONOMICS / Operations Research.
_2bisacsh
_9231042
942 _2ddc
_cBK
999 _c76081
_d76081